| 000 | 00854nmc a2200313 a 4500 | ||
|---|---|---|---|
| 003 | AR-BaBNM | ||
| 005 | 20251128204316.0 | ||
| 008 | 011101s1993 ||||||||||||||000 | spa|| | ||
| 020 | _a950-581-632-4 | ||
| 040 | _cAR-BaBNM | ||
| 100 | 1 | _aCastronovo de Sentís, Adela | |
| 245 | 1 | 0 |
_aPromoción de la lectura _bdesde la librería hacia nuevos lectores |
| 260 |
_aBuenos Aires _bColihue _c1993 |
||
| 300 |
_a141 p. _bil. |
||
| 490 | 0 | _aNuevos caminos | |
| 504 | _aBibliografía p. 141 | ||
| 650 | 4 | _aPROMOCION DE LA LECTURA | |
| 650 | 4 | _aHABITO DE LECTURA | |
| 650 | 4 | _aAPTITUD PARA LA LECTURA | |
| 650 | 4 | _aMATERIAL DE LECTURA | |
| 650 | 4 | _aFOMENTO DEL LIBRO | |
| 650 | 4 | _aLECTURA | |
| 650 | 4 | _aESTIMULO | |
| 650 | 4 | _aMEDIOS DE COMUNICACION | |
| 650 | 4 | _aSELECCION DE LIBROS | |
| 650 | 4 | _aLIBREROS | |
| 942 | _cBK | ||
| 998 | _cCarmen | ||
| 999 |
_c6968 _d6968 |
||